000 00697nam a22002897a 4500
003 UA-OsUOA
001 24412
007 ta
008 20040218b un ||||| |||| 00| 0 ukr d
100 _aПраг Керри
700 _aН.
700 _aИрвин Майкл
700 _aР.
090 _a004.655
_bП68
942 _cBK
040 _aUA-OsUOA
_brus
_cUA-OsUOA
_dUA-OsUOA
245 _aAccess 2002. Библия пользователя.
300 _a1216 с.
_bІлюстрації
955 _a0
041 _arus
080 _a004.655
020 _a5-8459-0412-9
260 _aМосква
_bВильямс
_c2003
044 _aRU
650 7 _2UDC
999 _c310683
_d310683